How insects live. V 5. (Record no. 25593)

MARC details
000 -LEADER
fixed length control field 00291nam a2200121Ia 4500
082 ## - DEWEY DECIMAL CLASSIFICATION NUMBER
Classification number 595.7
Item number BLA.5
100 ## - MAIN ENTRY--AUTHOR NAME
Personal name BLANEY, Walter M
245 #0 - TITLE STATEMENT
Title How insects live. V 5.
260 ## - PUBLICATION, DISTRIBUTION, ETC. (IMPRINT)
Place of publication Oxford
Name of publisher Elsevier
Year of publication 1976
650 ## - SUBJECT ADDED ENTRY--TOPICAL TERM
Topical Term Insects
942 ## - ADDED ENTRY ELEMENTS (KOHA)
Koha item type Books
Holdings
Withdrawn status Lost status Damaged status Not for loan Home library Current library Date acquired Full call number Accession Number Koha item type
        RRII Library RRII Library 16/12/2021 595.7 BLA.5 06248 Books